Zvesti Ministerstva školstva SSR a Ministerstva kultúry SSR

Na minha lista:
Detalhes bibliográficos
Formato: Periódico
Idioma:eslovaco
Publicado em: Bratislava Slovenské pedagogické nakladateľstvo 1974
Tags: Adicionar Tag
Sem tags, seja o primeiro a adicionar uma tag!

MARC

LEADER 00000nas2a2200000 4500
001 0018047
005 20250730114359.5
041 0 |a slo 
044 |a SK 
245 1 0 |a Zvesti Ministerstva školstva SSR a Ministerstva kultúry SSR 
264 1 |a Bratislava  |b Slovenské pedagogické nakladateľstvo  |c 1974 
300 |a 1 zv. 
773 0 |w eu_un_cat*0018034